Moderní metody organické syntézy v reakčních schématech
Salvato in:
| Autore principale: | |
|---|---|
| Ente Autore: | |
| Natura: | Libro |
| Lingua: | ceco |
| Pubblicazione: |
Olomouc
Univerzita Palackého v Olomouci
2007
|
| Edizione: | 1. vyd. |
| Soggetti: | |
| Accesso online: | Visualizza in OPAC |
| Tags: |
Nessun Tag, puoi essere il primo ad aggiungerne!!
|
MARC
| LEADER | 00000nam a2200000 a 4500 | ||
|---|---|---|---|
| 005 | 20260127134330.0 | ||
| 008 | 120920s2007 xr la f 000 0 cze c | ||
| 020 | |a 9788024416571 (viaz.) | ||
| 035 | |a vtls010451939 | ||
| 039 | 9 | |a 201210241159 |b mschk03 |y 201209201320 |z mkuuk17 | |
| 040 | |a KURUK |b slo |c KURUK |d STUSCHK1 |e AACR2 | ||
| 041 | 0 | |a cze | |
| 044 | |a xr |c CZ | ||
| 072 | 7 | |a 547 |x Organická chémia |2 konspekt | |
| 080 | |a 547:544.4 |2 2001 | ||
| 080 | |a 547.1-3 |2 2001 | ||
| 080 | |a 54-3 |2 2001 | ||
| 080 | |a (035) |2 2001 | ||
| 100 | 1 | |a Hradil, Pavel, |d 1957- | |
| 245 | 1 | 0 | |a Moderní metody organické syntézy v reakčních schématech |c Pavel Hradil |
| 250 | |a 1. vyd. | ||
| 260 | |a Olomouc |b Univerzita Palackého v Olomouci |c 2007 | ||
| 300 | |a 393 s. |b ilustr., vzory |c 25 cm | ||
| 500 | |a Nád názvom: Univerzita Palackého v Olomouci, Přírodovědecká fakulta | ||
| 504 | |a Obsahuje register | ||
| 650 | 0 | 7 | |a syntéza organická |2 KURUK |
| 650 | 0 | 7 | |a organické reakcie |2 SNKPH |
| 650 | 0 | 7 | |a organické zlúčeniny |2 SNKPH |
| 650 | 0 | 7 | |a chemické zlúčeniny |2 SNKPH |
| 655 | 7 | |a príručky |2 SNKPH | |
| 710 | 2 | |a Univerzita Palackého (Olomouc, Česko). |b Přírodovědecká fakulta | |
| 910 | |a kuruk | ||
| 910 | |a SCHK95 | ||
| 919 | |a 978-80-244-1657-1 | ||
| 999 | |c 10070 |d 10070 | ||